| 000 | 01096nam a2200277 a 4500 | ||
|---|---|---|---|
| 001 | 000019277 | ||
| 005 | 20200929165953.0 | ||
| 008 | 100531s1917 sp 000 m spa d | ||
| 040 |
_aDO-SdBNP _bspa _cBNPHU |
||
| 082 |
_a885.1 _bC568ó |
||
| 100 | 1 |
_aCicerón, Marcus Tullius, _d106 a.C.-43 a.C. _941462 |
|
| 245 | 1 | 0 |
_aObras completas de Marco Tulio Cicerón : _bVida y discursos / _cMarco Tulio Cicerón ; traducción de Díaz Tendero, Fernández Llera y Calvo. |
| 260 |
_aMadrid : _bLibrería de Perlado Páez (Sucesores de Hernando), _c1917. |
||
| 300 |
_av. ; _c18 cm. |
||
| 490 | 1 |
_aBiblioteca clásica _v202-206 |
|
| 500 | _aIncluye referencias bibliográficas y notas al pie de las páginas | ||
| 600 | 1 | 0 |
_aCICERÓN, MARCO TULIO, _d106 a.C.-43 a. C. _xCOLECCIONES DE ESCRITOS _941467 |
| 650 | 4 |
_aOratoria griega _925554 |
|
| 650 | 4 |
_aRetórica antigua _935130 |
|
| 650 | 4 |
_aLiteratura griega _92386 |
|
| 700 | 1 |
_aTendero, Díaz, _etr. _941463 |
|
| 700 | 1 |
_aLlera y Calvo, Fernández, _etr. _941464 |
|
| 830 | 0 |
_aBiblioteca clásica ; _n202-206 _941468 |
|
| 910 | _aWM | ||
| 049 | _aBNGR | ||
| 999 |
_c18795 _d18795 |
||